[Event "DEM U10 2019"]
[Site "Willingen GER"]
[Date "2019.06.09"]
[Round "1"]
[White "Chugunov, Ivan"]
[Black "Ermitsch, Magnus"]
[Result "1/2-1/2"]
[Termination "normal"]
[Board "2"]
[WhiteElo "1310"]
[BlackElo "1843"]
[WhiteClock "00:45:35"]
[BlackClock "00:15:26"]
[PlyCount "48"]
[WhiteFideId "16256808"]
[BlackFideId "16234464"]
[EventCountry "GER"]
[EventRounds "11"]
[EventType "swiss"]
[EventDate "2019.06.08"]

1. e4 {[%clk 1:15:56]} 1... c5 {[%clk 1:15:22]} 2. Nf3 {[%clk 1:14:59]} 2... e6
{[%clk 1:15:16]} 3. c3 {[%clk 1:15:00]} 3... Nf6 {[%clk 1:13:50]} 4. e5 { [%clk
1:14:53]} 4... Nd5 {[%clk 1:13:02]} 5. g3 {[%clk 1:14:35]} 5... Be7 { [%clk
1:11:30]} 6. Bg2 {[%clk 1:14:11]} 6... d6 {[%clk 1:10:23]} 7. O-O { [%clk
1:13:03]} 7... dxe5 {[%clk 1:09:24]} 8. Nxe5 {[%clk 1:12:33]} 8... Qc7 { [%clk
1:04:17]} 9. f4 {[%clk 1:09:22]} 9... Nc6 {[%clk 0:59:17]} 10. Nc4 10... Rb8
{[%clk 0:57:15]} 11. Nba3 {[%clk 0:59:45]} 11... a6 {[%clk 0:51:06]} 12. d3
{[%clk 0:57:50]} 12... b5 {[%clk 0:43:36]} 13. Ne3 {[%clk 0:57:39]} 13... Nxe3
{[%clk 0:42:24]} 14. Bxe3 {[%clk 0:57:51]} 14... Bb7 {[%clk 0:39:18]} 15. f5 {
[%clk 0:56:51]} 15... Nd8 {[%clk 0:36:30]} 16. Qg4 {[%clk 0:54:10]} 16... Bf6 {
[%clk 0:32:44]} 17. Rae1 {[%clk 0:53:04]} 17... Bxg2 {[%clk 0:28:56]} 18. Kxg2
{[%clk 0:52:39]} 18... h5 {[%clk 0:28:27]} 19. Qe4 {[%clk 0:50:45]} 19... Qc6 {
[%clk 0:23:49]} 20. Qxc6+ {[%clk 0:50:27]} 20... Nxc6 {[%clk 0:24:18]} 21. Bxc5
{[%clk 0:50:26]} 21... Kd7 {[%clk 0:21:52]} 22. fxe6+ {[%clk 0:49:56]} 22...
fxe6 {[%clk 0:22:06]} 23. Re2 {[%clk 0:45:49]} 23... b4 {[%clk 0:19:05]} 24.
Nb1 {[%clk 0:45:35]} 24... Rb5 {[%clk 0:15:26]} 1/2-1/2

[Event "DEM U10 2019"]
[Site "Willingen GER"]
[Date "2019.06.09"]
[Round "1"]
[White "Brügmann, Nick"]
[Black "Sommer, Justus"]
[Result "1/2-1/2"]
[Termination "normal"]
[Board "4"]
[WhiteElo "1415"]
[BlackElo "1684"]
[WhiteClock "00:35:43"]
[BlackClock "00:01:19"]
[PlyCount "140"]
[WhiteFideId "16287126"]
[BlackFideId "16245008"]
[EventCountry "GER"]
[EventRounds "11"]
[EventType "swiss"]
[EventDate "2019.06.08"]

1. e4 {[%clk 1:15:59]} 1... e5 {[%clk 1:15:35]} 2. Nf3 {[%clk 1:16:22]} 2...
Nc6 {[%clk 1:15:55]} 3. Bc4 {[%clk 1:16:46]} 3... Bc5 {[%clk 1:16:17]} 4. c3 {
[%clk 1:17:11]} 4... Nf6 {[%clk 1:16:38]} 5. d3 {[%clk 1:17:34]} 5... d6 {
[%clk 1:16:46]} 6. a4 {[%clk 1:17:56]} 6... a5 {[%clk 1:17:06]} 7. h3 { [%clk
1:18:16]} 7... Be6 {[%clk 1:17:23]} 8. Bb3 {[%clk 1:18:22]} 8... Qd7 { [%clk
1:17:24]} 9. Nbd2 {[%clk 1:18:30]} 9... h6 {[%clk 1:17:10]} 10. Bxe6 { [%clk
1:18:10]} 10... Qxe6 {[%clk 1:16:53]} 11. O-O {[%clk 1:18:04]} 11... O-O {[%clk
1:16:55]} 12. Re1 {[%clk 1:18:19]} 12... Bb6 {[%clk 1:16:51]} 13. Nc4 { [%clk
1:18:02]} 13... Ba7 {[%clk 1:16:38]} 14. Be3 {[%clk 1:18:09]} 14... Rfe8 {[%clk
1:15:52]} 15. Bxa7 {[%clk 1:17:57]} 15... Rxa7 {[%clk 1:16:09]} 16. Na3 {[%clk
1:16:58]} 16... Raa8 {[%clk 1:15:02]} 17. Nb5 {[%clk 1:16:44]} 17... Qd7 {[%clk
1:15:21]} 18. Qc2 {[%clk 1:16:51]} 18... d5 {[%clk 1:13:52]} 19. exd5 { [%clk
1:16:39]} 19... Nxd5 {[%clk 1:14:12]} 20. d4 {[%clk 1:16:22]} 20... exd4 {[%clk
1:14:11]} 21. Nbxd4 {[%clk 1:15:54]} 21... Rad8 {[%clk 1:07:17]} 22. Rxe8+
{[%clk 1:15:53]} 22... Rxe8 {[%clk 1:07:31]} 23. Rd1 {[%clk 1:15:57]} 23...
Nxd4 {[%clk 1:06:04]} 24. Nxd4 {[%clk 1:16:18]} 24... c6 {[%clk 1:04:40]} 25.
Nb3 {[%clk 1:15:35]} 25... Qc7 {[%clk 1:03:53]} 26. Nd4 {[%clk 1:15:02]} 26...
Nf6 {[%clk 1:00:29]} 27. b4 {[%clk 1:10:43]} 27... Nd5 {[%clk 0:58:56]} 28. b5
{[%clk 1:10:23]} 28... cxb5 {[%clk 0:53:17]} 29. Nxb5 {[%clk 1:10:43]} 29...
Qc5 {[%clk 0:52:44]} 30. Qf5 {[%clk 1:06:35]} 30... Rd8 {[%clk 0:52:50]} 31.
Qe4 {[%clk 1:06:28]} 31... f5 {[%clk 0:46:34]} 32. Qe6+ {[%clk 1:05:18]} 32...
Kh8 {[%clk 0:46:47]} 33. Qxf5 {[%clk 1:05:41]} 33... Qc6 {[%clk 0:46:04]} 34.
Qf3 {[%clk 1:02:44]} 34... Rd7 {[%clk 0:44:05]} 35. Qf8+ 35... Kh7 { [%clk
0:44:20]} 36. Qf5+ {[%clk 1:01:23]} 36... g6 {[%clk 0:44:38]} 37. Qe5 { [%clk
1:00:37]} 37... Nb6 {[%clk 0:41:50]} 38. Rxd7+ {[%clk 0:59:11]} 38... Qxd7
{[%clk 0:40:37]} 39. Qd6 {[%clk 0:58:10]} 39... Qc6 {[%clk 0:34:29]} 40. Qd4
{[%clk 0:57:06]} 40... Nd5 {[%clk 0:30:40]} 41. c4 {[%clk 0:50:14]} 41... Nb6
{[%clk 0:30:49]} 42. c5 {[%clk 0:50:37]} 42... Nd7 {[%clk 0:30:36]} 43. Qd2
{[%clk 0:49:48]} 43... Nxc5 {[%clk 0:29:22]} 44. Qxa5 {[%clk 0:49:52]} 44... h5
{[%clk 0:28:23]} 45. Qb4 {[%clk 0:48:59]} 45... Qd5 {[%clk 0:27:28]} 46. Nc3 {
[%clk 0:47:21]} 46... Qe5 {[%clk 0:24:54]} 47. Nb5 {[%clk 0:46:00]} 47... Qa1+
{[%clk 0:17:05]} 48. Kh2 {[%clk 0:46:21]} 48... Qe5+ {[%clk 0:13:42]} 49. g3 {
[%clk 0:46:02]} 49... Qf5 {[%clk 0:12:34]} 50. Qd4 {[%clk 0:44:52]} 50... b6 {
[%clk 0:07:16]} 51. Nc3 {[%clk 0:44:43]} 51... Nd7 {[%clk 0:05:10]} 52. Nd5 {
[%clk 0:41:35]} 52... Ne5 {[%clk 0:03:39]} 53. Qf4 {[%clk 0:33:43]} 53... Nf3+
{[%clk 0:02:05]} 54. Kg2 {[%clk 0:34:03]} 54... Ne1+ {[%clk 0:01:49]} 55. Kf1 {
[%clk 0:34:23]} 55... Qxh3+ {[%clk 0:01:21]} 56. Kxe1 {[%clk 0:33:37]} 56...
Qh1+ {[%clk 0:01:40]} 57. Ke2 {[%clk 0:33:56]} 57... Qxd5 {[%clk 0:01:56]} 58.
Qc7+ {[%clk 0:34:08]} 58... Kh6 {[%clk 0:01:52]} 59. Qxb6 {[%clk 0:34:25]}
59... Qa2+ {[%clk 0:01:55]} 60. Kf1 {[%clk 0:34:39]} 60... Qxa4 {[%clk 0:02:05]
} 61. Qe3+ {[%clk 0:34:21]} 61... Kg7 {[%clk 0:01:46]} 62. Qe7+ {[%clk 0:34:28]
} 62... Kg8 {[%clk 0:01:51]} 63. Qe6+ {[%clk 0:34:38]} 63... Kh7 { [%clk
0:01:34]} 64. Qf7+ {[%clk 0:34:47]} 64... Kh6 {[%clk 0:01:43]} 65. Qf8+ { [%clk
0:35:03]} 65... Kg5 {[%clk 0:01:10]} 66. Qe7+ {[%clk 0:34:58]} 66... Kf5 {[%clk
0:00:36]} 67. Qf7+ {[%clk 0:34:58]} 67... Kg5 {[%clk 0:00:45]} 68. Qe7+ {[%clk
0:35:21]} 68... Kf5 {[%clk 0:00:51]} 69. Qf7+ {[%clk 0:35:30]} 69... Kg5 {[%clk
0:01:02]} 70. Qe7+ {[%clk 0:35:43]} 70... Kf5 {[%clk 0:01:19]} 1/2-1/2

[Event "DEM U10 2019"]
[Site "Willingen GER"]
[Date "2019.06.09"]
[Round "1"]
[White "Klaska, Philipp Leon"]
[Black "Guo, Jacob Tingshen"]
[Result "1/2-1/2"]
[Termination "normal"]
[Board "7"]
[WhiteElo "1444"]
[BlackElo "1420"]
[WhiteClock "00:01:57"]
[BlackClock "00:02:56"]
[PlyCount "52"]
[WhiteFideId "16238044"]
[BlackFideId "16245245"]
[EventCountry "GER"]
[EventRounds "11"]
[EventType "swiss"]
[EventDate "2019.06.08"]

1. e4 {[%clk 1:15:58]} 1... e6 {[%clk 1:15:50]} 2. d4 {[%clk 1:16:20]} 2... d5
{[%clk 1:16:13]} 3. e5 {[%clk 1:16:22]} 3... c5 {[%clk 1:16:34]} 4. c3 { [%clk
1:16:45]} 4... Nc6 {[%clk 1:16:40]} 5. Nf3 {[%clk 1:17:04]} 5... Bd7 { [%clk
1:16:30]} 6. Be2 {[%clk 1:10:23]} 6... Nge7 {[%clk 1:10:56]} 7. O-O { [%clk
1:05:21]} 7... cxd4 {[%clk 1:05:07]} 8. cxd4 {[%clk 1:02:04]} 8... Nf5 { [%clk
0:58:28]} 9. Be3 {[%clk 0:55:10]} 9... Be7 {[%clk 0:51:50]} 10. Qd2 { [%clk
0:51:52]} 10... O-O {[%clk 0:45:13]} 11. Nc3 {[%clk 0:49:39]} 11... Rc8 { [%clk
0:36:34]} 12. Bd3 {[%clk 0:37:13]} 12... Nxe3 {[%clk 0:34:09]} 13. Qxe3 { [%clk
0:32:58]} 13... Nb4 {[%clk 0:30:45]} 14. Bb1 {[%clk 0:28:42]} 14... Qb6 { [%clk
0:26:48]} 15. a3 {[%clk 0:20:48]} 15... Nc6 {[%clk 0:24:04]} 16. b4 { [%clk
0:17:56]} 16... a6 {[%clk 0:19:36]} 17. g3 {[%clk 0:15:18]} 17... Na7 { [%clk
0:16:47]} 18. Kg2 {[%clk 0:11:25]} 18... Rfd8 {[%clk 0:13:15]} 19. h4 { [%clk
0:09:37]} 19... g6 {[%clk 0:09:06]} 20. h5 {[%clk 0:07:58]} 20... Kg7 { [%clk
0:07:54]} 21. Rh1 {[%clk 0:05:24]} 21... Rh8 {[%clk 0:06:18]} 22. Rh2 { [%clk
0:04:36]} 22... Qc7 {[%clk 0:03:31]} 23. Ne2 {[%clk 0:04:04]} 23... Bb5 { [%clk
0:02:56]} 24. Nf4 {[%clk 0:03:45]} 24... Qc3 {[%clk 0:02:36]} 25. Qxc3 { [%clk
0:02:29]} 25... Rxc3 {[%clk 0:02:56]} 26. hxg6 {[%clk 0:01:57]} 26... hxg6
1/2-1/2

[Event "DEM U10 2019"]
[Site "Willingen GER"]
[Date "2019.06.09"]
[Round "1"]
[White "Navarro Jahnke, Leo"]
[Black "Yue, Qihang"]
[Result "1-0"]
[Termination "normal"]
[Board "9"]
[WhiteElo "1334"]
[BlackElo "1354"]
[WhiteClock "01:04:54"]
[BlackClock "00:15:35"]
[PlyCount "129"]
[WhiteFideId "16234146"]
[BlackFideId "16278968"]
[EventCountry "GER"]
[EventRounds "11"]
[EventType "swiss"]
[EventDate "2019.06.08"]

1. d4 {[%clk 1:15:53]} 1... Nf6 {[%clk 1:15:50]} 2. c4 {[%clk 1:16:16]} 2... e6
{[%clk 1:16:13]} 3. Nc3 {[%clk 1:16:07]} 3... Bb4 {[%clk 1:16:33]} 4. Nf3 {
[%clk 1:16:11]} 4... d5 {[%clk 1:16:48]} 5. Bf4 {[%clk 1:12:00]} 5... Nc6 {
[%clk 1:16:59]} 6. e3 {[%clk 1:11:16]} 6... Bd7 {[%clk 1:17:06]} 7. Bd3 { [%clk
1:11:09]} 7... O-O {[%clk 1:17:25]} 8. O-O {[%clk 1:11:17]} 8... dxc4 { [%clk
1:17:29]} 9. Bxc4 {[%clk 1:10:50]} 9... Na5 {[%clk 1:15:43]} 10. Bd3 { [%clk
1:10:05]} 10... c5 {[%clk 0:54:04]} 11. Bd6 {[%clk 1:05:51]} 11... Re8 { [%clk
0:54:01]} 12. Bxc5 {[%clk 1:03:30]} 12... Bxc5 {[%clk 0:54:09]} 13. dxc5 {[%clk
1:03:52]} 13... Qc7 {[%clk 0:49:32]} 14. b4 {[%clk 1:03:22]} 14... Nc6 { [%clk
0:48:31]} 15. a3 {[%clk 1:03:46]} 15... a6 {[%clk 0:47:29]} 16. Re1 { [%clk
1:01:36]} 16... e5 {[%clk 0:46:05]} 17. e4 {[%clk 1:01:59]} 17... Be6 { [%clk
0:43:41]} 18. Ng5 {[%clk 1:00:40]} 18... Nd4 {[%clk 0:38:03]} 19. Ne2 { [%clk
0:54:58]} 19... Rad8 {[%clk 0:29:50]} 20. Nxd4 {[%clk 0:51:22]} 20... Rxd4
{[%clk 0:29:40]} 21. Nf3 {[%clk 0:50:10]} 21... Rdd8 {[%clk 0:27:57]} 22. Qe2
{[%clk 0:48:43]} 22... Bg4 {[%clk 0:26:19]} 23. Rad1 {[%clk 0:47:43]} 23... Qe7
{[%clk 0:18:07]} 24. Bc2 {[%clk 0:46:33]} 24... Rxd1 {[%clk 0:17:24]} 25. Rxd1
{[%clk 0:41:27]} 25... Rd8 {[%clk 0:16:36]} 26. Rxd8+ {[%clk 0:41:41]} 26...
Qxd8 {[%clk 0:17:01]} 27. Qd3 {[%clk 0:42:03]} 27... Qxd3 {[%clk 0:17:16] } 28.
Bxd3 {[%clk 0:42:27]} 28... Bxf3 {[%clk 0:17:15]} 29. gxf3 { [%clk 0:42:48]}
29... Kf8 {[%clk 0:17:23]} 30. c6 {[%clk 0:42:46]} 30... bxc6 { [%clk 0:17:43]}
31. Bxa6 {[%clk 0:43:12]} 31... Ke7 {[%clk 0:17:47]} 32. Bc4 { [%clk 0:43:09]}
32... Nd7 {[%clk 0:17:47]} 33. a4 {[%clk 0:43:03]} 33... Nb6 { [%clk 0:17:33]}
34. Bb3 {[%clk 0:43:27]} 34... f6 {[%clk 0:16:15]} 35. a5 { [%clk 0:43:49]}
35... Na8 {[%clk 0:16:05]} 36. Kf1 {[%clk 0:44:13]} 36... Kd7 { [%clk 0:15:52]}
37. Ke2 {[%clk 0:44:32]} 37... Nc7 {[%clk 0:08:41]} 38. Kd3 { [%clk 0:44:46]}
38... Na6 {[%clk 0:03:32]} 39. Kc4 {[%clk 0:45:00]} 39... Kc7 { [%clk 0:03:24]}
40. Ba4 {[%clk 0:42:38]} 40... Nb8 {[%clk 0:02:34]} 41. b5 { [%clk 0:42:18]}
41... cxb5+ {[%clk 0:15:09]} 42. Bxb5 {[%clk 0:57:32]} 42... Nc6 {[%clk
0:12:12]} 43. Bxc6 43... Kxc6 {[%clk 0:12:37]} 44. a6 { [%clk 0:57:54]} 44...
Kb6 {[%clk 0:13:01]} 45. Kd5 {[%clk 0:58:20]} 45... Kxa6 {[%clk 0:13:18]} 46.
Ke6 {[%clk 0:58:41]} 46... Kb5 {[%clk 0:13:24]} 47. Kf7 { [%clk 0:58:59]} 47...
Kc4 {[%clk 0:13:34]} 48. Kxg7 {[%clk 0:59:21]} 48... Kd3 {[%clk 0:12:31]} 49.
Kxf6 {[%clk 0:59:38]} 49... Ke2 {[%clk 0:12:53]} 50. Kxe5 {[%clk 0:59:59]}
50... Kxf2 {[%clk 0:13:13]} 51. Kf5 {[%clk 1:00:19]} 51... Kxf3 {[%clk
0:13:31]} 52. e5 {[%clk 1:00:41]} 52... Kg2 {[%clk 0:13:33]} 53. h4 {[%clk
1:01:05]} 53... Kg3 {[%clk 0:13:49]} 54. Kg5 {[%clk 1:01:13]} 54... h6+ {[%clk
0:13:55]} 55. Kxh6 {[%clk 1:01:36]} 55... Kxh4 {[%clk 0:14:18]} 56. e6 { [%clk
1:02:02]} 56... Kg4 {[%clk 0:14:36]} 57. e7 {[%clk 1:02:26]} 57... Kf5 { [%clk
0:14:58]} 58. e8=Q {[%clk 1:02:51]} 58... Kf4 {[%clk 0:15:12]} 59. Qe6 { [%clk
1:03:11]} 59... Kf3 {[%clk 0:15:28]} 60. Kg5 {[%clk 1:03:04]} 60... Kg3 { [%clk
0:15:47]} 61. Qe3+ {[%clk 1:03:26]} 61... Kh2 {[%clk 0:15:13]} 62. Kg4 { [%clk
1:03:40]} 62... Kh1 {[%clk 0:15:06]} 63. Qe2 {[%clk 1:04:02]} 63... Kg1 { [%clk
0:15:19]} 64. Kg3 {[%clk 1:04:31]} 64... Kh1 {[%clk 0:15:35]} 65. Qg2# { [%clk
1:04:54]} 1-0

[Event "DEM U10 2019"]
[Site "Willingen GER"]
[Date "2019.06.09"]
[Round "1"]
[White "Barthel, Jacob"]
[Black "Torosyan, Bagrat"]
[Result "1/2-1/2"]
[Termination "normal"]
[Board "10"]
[WhiteElo "1150"]
[BlackElo "1444"]
[PlyCount "45"]
[WhiteFideId "16273346"]
[BlackFideId "16258134"]
[EventCountry "GER"]
[EventRounds "11"]
[EventType "swiss"]
[EventDate "2019.06.08"]

1. d4 Nf6 2. Nf3 g6 3. Bf4 Bg7 4. Nc3 d5 5. e3 c6 6. Bd3 Bf5 7. Bxf5 gxf5 8.
Ne2 Nbd7 9. Ng3 e6 10. Bg5 Qb6 11. b3 Ne4 12. Nxe4 fxe4 13. Nd2 h6 14. Bf4 Qa6
15. Qg4 Rh7 16. Bxh6 Bxh6 17. Qg8+ Nf8 18. g4 f5 19. g5 Rg7 20. Qh8 Rh7 21. Qg8
Rg7 22. Qh8 Rh7 23. Qg8 1/2-1/2

[Event "DEM U10 2019"]
[Site "Willingen GER"]
[Date "2019.06.09"]
[Round "1"]
[White "Grabs, Peter"]
[Black "Gärtner, Alessandro"]
[Result "1-0"]
[Termination "normal"]
[Board "11"]
[WhiteTitle "CM"]
[WhiteElo "1575"]
[BlackElo "1233"]
[PlyCount "73"]
[WhiteFideId "16203887"]
[BlackFideId "16268024"]
[EventCountry "GER"]
[EventRounds "11"]
[EventType "swiss"]
[EventDate "2019.06.08"]

1. e4 c5 2. Nf3 Nc6 3. Bb5 g6 4. O-O Bg7 5. Re1 Nf6 6. c3 O-O 7. d4 d6 8. Bg5
Qb6 9. Bxc6 bxc6 10. Qb3 Qxb3 11. axb3 h6 12. Bxf6 Bxf6 13. e5 Bg7 14. exd6
exd6 15. dxc5 dxc5 16. Nbd2 Be6 17. Ra6 Rfc8 18. Rea1 Rc7 19. R1a2 Kf8 20. h3
Ke7 21. Nc4 Bxc4 22. bxc4 Ke6 23. Nd2 f5 24. Nb3 Bf8 25. R6a5 Bd6 26. Nxc5+ Kf6
27. Nb3 Re8 28. g3 Ra8 29. Ra6 Ke5 30. Nd4 Ke4 31. Nxc6 Kf3 32. Nd4+ Ke4 33.
Rxd6 g5 34. f3+ Ke3 35. b3 f4 36. Kg2 Rac8 37. Nf5# 1-0

[Event "DEM U10 2019"]
[Site "Willingen GER"]
[Date "2019.06.09"]
[Round "1"]
[White "Fruth, David"]
[Black "Dorendorf, Mika"]
[Result "0-1"]
[Termination "normal"]
[Board "13"]
[WhiteElo "1423"]
[BlackElo "1398"]
[PlyCount "64"]
[WhiteFideId "16257596"]
[BlackFideId "16283066"]
[EventCountry "GER"]
[EventRounds "11"]
[EventType "swiss"]
[EventDate "2019.06.08"]

1. e4 c5 2. Nf3 e6 3. d4 cxd4 4. Nxd4 Bc5 5. Nb3 Bb6 6. Nc3 Nc6 7. Nb5 Bc7 8.
Be2 a6 9. Nxc7+ Qxc7 10. O-O h6 11. c3 Nge7 12. Be3 O-O 13. f4 d5 14. f5 d4 15.
Nxd4 Nxd4 16. Bxd4 exf5 17. exf5 Nxf5 18. Qd3 Nxd4 19. Qxd4 Re8 20. Bc4 Be6 21.
Bxe6 Rxe6 22. Rf3 Rae8 23. Rg3 g6 24. Qd2 Re2 25. Qd4 R8e4 26. Qf6 Qc5+ 27. Kf1
Qb5 28. c4 Qxc4 29. Rc3 Re1+ 30. Kf2 Qe2+ 31. Kg3 Rg4+ 32. Kh3 Qxg2# 0-1

[Event "DEM U10 2019"]
[Site "Willingen GER"]
[Date "2019.06.09"]
[Round "1"]
[White "Buchinger, Alexis"]
[Black "Arora, Abhiraaj"]
[Result "0-1"]
[Termination "normal"]
[Board "14"]
[WhiteElo "1291"]
[BlackElo "1454"]
[PlyCount "114"]
[WhiteFideId "16287134"]
[BlackFideId "25611054"]
[EventCountry "GER"]
[EventRounds "11"]
[EventType "swiss"]
[EventDate "2019.06.08"]

1. e4 e5 2. Nf3 Nc6 3. Bc4 Bc5 4. d3 d6 5. Bg5 Nge7 6. Nc3 h6 7. Bh4 g5 8. Bg3
Ng6 9. Nd2 Nf4 10. Bxf4 gxf4 11. Qh5 Qd7 12. Nd5 Qd8 13. Nb6 Rh7 14. Nxa8 Bd7
15. Nf3 Nb4 16. Bb3 a5 17. a4 c6 18. Nc7+ Qxc7 19. Ng5 Bg4 20. Qxg4 hxg5 21.
Qxg5 Rh8 22. Qg7 Rf8 23. h4 Qb6 24. O-O Nxd3 25. Bxf7+ Rxf7 26. Qg8+ Rf8 27.
Qe6+ Kd8 28. cxd3 Qc7 29. Qg6 Rf7 30. Qg8+ Ke7 31. h5 Qd7 32. h6 Kf6 33. Qh8+
Kg6 34. Rac1 Rh7 35. Qg8+ Kxh6 36. Rxc5 dxc5 37. Rd1 Rg7 38. Qh8+ Kg5 39. Kf1
Qe7 40. Ke2 Qd7 41. Rh1 Qg4+ 42. Kd2 Kf6 43. Rh6+ Kf7 44. Qc8 Qxc8 45. Kc3 Rxg2
46. Rh7+ Kg6 47. Re7 Rxf2 48. Rxe5 Qh8 49. d4 cxd4+ 50. Kxd4 c5+ 51. Kxc5 Qxe5+
52. Kb6 Rxb2+ 53. Ka7 b5 54. Ka6 bxa4 55. Ka7 Qc5+ 56. Ka8 Qc7 57. e5 Rb8# 0-1

[Event "DEM U10 2019"]
[Site "Willingen GER"]
[Date "2019.06.09"]
[Round "1"]
[White "Huber, Benedikt Thomas"]
[Black "Theviot, Luca"]
[Result "1-0"]
[Termination "normal"]
[Board "15"]
[WhiteElo "1441"]
[BlackElo "1276"]
[PlyCount "109"]
[WhiteFideId "16281225"]
[BlackFideId "16277449"]
[EventCountry "GER"]
[EventRounds "11"]
[EventType "swiss"]
[EventDate "2019.06.08"]

1. e4 c5 2. c3 Nf6 3. e5 Nd5 4. d4 cxd4 5. Nf3 Nb6 6. cxd4 d6 7. exd6 Qxd6 8.
Bb5+ Bd7 9. Bxd7+ N8xd7 10. O-O e6 11. Bd2 Be7 12. a3 Qc7 13. Nc3 a6 14. Rc1
Qd8 15. Bf4 Rc8 16. Ne5 Nxe5 17. Bxe5 O-O 18. Qg4 Bf6 19. Ne4 Bxe5 20. dxe5 Nd5
21. Rxc8 Qxc8 22. Nf6+ Nxf6 23. exf6 g6 24. Qh4 Kh8 25. Qh6 Rg8 26. Rc1 Qd8 27.
Qg5 Qd5 28. Qxd5 exd5 29. Rc7 Re8 30. Kf1 Kg8 31. Rxb7 Rd8 32. Ra7 d4 33. Rxa6
d3 34. Ke1 d2+ 35. Kd1 Kf8 36. Rc6 Ke8 37. Rc2 Rd6 38. Rc8+ Kd7 39. Rc2 Rxf6
40. Rxd2+ Kc6 41. f3 Kb5 42. Rd4 Kc5 43. Re4 Rd6+ 44. Ke2 Rb6 45. Rb4 Rxb4 46.
axb4+ Kxb4 47. Ke3 Kb3 48. Ke4 Kxb2 49. Ke5 f5 50. Kf6 Kc2 51. Kg7 g5 52. Kxh7
Kd2 53. Kg6 Ke2 54. Kxg5 Kf2 55. h4 1-0

[Event "DEM U10 2019"]
[Site "Willingen GER"]
[Date "2019.06.09"]
[Round "1"]
[White "Burkart, Lloyd Shang"]
[Black "Herrmann, Arthur"]
[Result "1/2-1/2"]
[Termination "normal"]
[Board "17"]
[WhiteElo "1411"]
[BlackElo "1233"]
[PlyCount "80"]
[WhiteFideId "16239059"]
[BlackFideId "16287150"]
[EventCountry "GER"]
[EventRounds "11"]
[EventType "swiss"]
[EventDate "2019.06.08"]

1. d4 d5 2. c4 e6 3. Nf3 Nd7 4. g3 c5 5. cxd5 exd5 6. Bg2 Ngf6 7. O-O Be7 8.
Nc3 Nb6 9. Bg5 cxd4 10. Nxd4 O-O 11. Rc1 h6 12. Bf4 a6 13. Qd2 Nc4 14. Qc2 Be6
15. Nxe6 fxe6 16. Qg6 Qe8 17. Qxe8 Raxe8 18. b3 Nb6 19. Bh3 Bb4 20. Bc7 Nbd7
21. Nb1 e5 22. a3 Bc5 23. b4 Ba7 24. Bd6 Rf7 25. Rc7 Nf8 26. Rfc1 Bxf2+ 27.
Kxf2 Ne4+ 28. Kg1 Nxd6 29. Rxf7 Kxf7 30. Rc7+ Re7 31. Rxe7+ Kxe7 32. Nc3 d4 33.
Nd5+ Kf7 34. Kf2 Ne6 35. a4 Ne4+ 36. Ke1 N6g5 37. Bg2 Ke6 38. Nc7+ Kd7 39. Nd5
Kd6 40. Nb6 Kc6 1/2-1/2

[Event "DEM U10 2019"]
[Site "Willingen GER"]
[Date "2019.06.09"]
[Round "1"]
[White "Möller, Tom"]
[Black "Jahnz, Laurin"]
[Result "1/2-1/2"]
[Termination "normal"]
[Board "18"]
[WhiteElo "1229"]
[BlackElo "1497"]
[PlyCount "66"]
[WhiteFideId "16287215"]
[BlackFideId "16261089"]
[EventCountry "GER"]
[EventRounds "11"]
[EventType "swiss"]
[EventDate "2019.06.08"]

1. d4 d5 2. Nc3 Nf6 3. Bf4 e6 4. e3 c5 5. Nb5 Qa5+ 6. c3 Na6 7. dxc5 Nd7 8. b4
Qd8 9. Nf3 Be7 10. Bd3 f6 11. Nd2 e5 12. Qh5+ Kf8 13. Bg3 Kg8 14. f4 g6 15. Qh6
e4 16. Bc2 Bf8 17. Qh4 Be7 18. Bf2 Qe8 19. Bb3 f5 20. Bxd5+ Kg7 21. Qg3 Ndxc5
22. bxc5 Qxb5 23. c4 Qxc5 24. Rb1 Nb4 25. Nb3 Nd3+ 26. Kf1 Qa3 27. Be1 Qxa2 28.
Bc3+ Kf8 29. Ra1 Qxb3 30. Bxh8 Nb4 31. Qh3 Qd3+ 32. Kf2 Qd2+ 33. Kf1 Bc5
1/2-1/2

[Event "DEM U10 2019"]
[Site "Willingen GER"]
[Date "2019.06.09"]
[Round "1"]
[White "Shkundin, Maximilian"]
[Black "Zobel, Christian"]
[Result "1/2-1/2"]
[Termination "normal"]
[Board "20"]
[WhiteElo "1224"]
[BlackElo "1404"]
[PlyCount "88"]
[WhiteFideId "16287258"]
[BlackFideId "16259068"]
[EventCountry "GER"]
[EventRounds "11"]
[EventType "swiss"]
[EventDate "2019.06.08"]

1. e4 e5 2. Nf3 Nf6 3. Nc3 Nc6 4. Bc4 Bc5 5. O-O d6 6. d3 a6 7. a4 O-O 8. Be3
Ba7 9. Bg5 h6 10. Bxf6 Qxf6 11. Nd5 Qd8 12. c3 Ne7 13. Ne3 Kh8 14. d4 exd4 15.
Nxd4 Nc6 16. Nxc6 bxc6 17. Qf3 Rb8 18. b4 Qe7 19. Rfe1 Qe5 20. Rac1 a5 21. b5
cxb5 22. Bxb5 Bb7 23. Nc4 Qc5 24. Nxa5 c6 25. Nxb7 Rxb7 26. e5 Rb6 27. Bd3 dxe5
28. Qe4 f5 29. Qxe5 Rb2 30. Qxc5 Bxc5 31. Re2 Rxe2 32. Bxe2 Rb8 33. Ra1 Kg8 34.
Kf1 Kf8 35. Bd3 g6 36. Rb1 Rxb1+ 37. Bxb1 Ke7 38. f3 Kd7 39. Ke2 Kc7 40. g4
fxg4 41. fxg4 g5 42. h3 Kb6 43. Be4 Bd6 44. Kd3 c5 1/2-1/2

[Event "DEM U10 2019"]
[Site "Willingen GER"]
[Date "2019.06.09"]
[Round "1"]
[White "Scheerer, Julian"]
[Black "Rau, Eduard"]
[Result "1-0"]
[Termination "normal"]
[Board "21"]
[WhiteElo "1395"]
[BlackElo "1221"]
[PlyCount "117"]
[WhiteFideId "16265769"]
[BlackFideId "16287231"]
[EventCountry "GER"]
[EventRounds "11"]
[EventType "swiss"]
[EventDate "2019.06.08"]

1. e4 e5 2. Nf3 Nc6 3. Bc4 Nf6 4. d4 exd4 5. O-O Nxe4 6. Re1 d5 7. Bxd5 Qxd5 8.
Nc3 Qh5 9. Nxe4 Be6 10. Bg5 Bd6 11. Nxd6+ cxd6 12. Bf4 Qd5 13. c3 Kd7 14. Nxd4
Rae8 15. Nxe6 Qxd1 16. Raxd1 Rxe6 17. Rxe6 fxe6 18. Bxd6 Kc8 19. Ba3 Rd8 20.
Rxd8+ Kxd8 21. Kf1 b5 22. Bc5 a5 23. Ke2 Kd7 24. Ke3 Ne5 25. Ke4 Ng4 26. h3
Nf6+ 27. Kd4 Nd5 28. g3 g6 29. c4 bxc4 30. Kxc4 Kc6 31. a4 Nc7 32. b4 axb4 33.
Bxb4 Nd5 34. a5 Nxb4 35. Kxb4 Kb7 36. Kc5 Kc7 37. a6 Kb8 38. Kd6 Ka7 39. Kxe6
Kxa6 40. Kf7 Kb7 41. Kg7 Kc7 42. Kxh7 Kd7 43. Kxg6 Ke8 44. Kg7 Ke7 45. h4 Ke6
46. h5 Kf5 47. h6 Kg5 48. h7 Kg4 49. h8=Q Kf3 50. Qe8 Kxf2 51. Qe4 Kxg3 52. Kg6
Kf2 53. Qf4+ Kg1 54. Qf3 Kh2 55. Kg5 Kg1 56. Kg4 Kh2 57. Qe2+ Kh1 58. Kh3 Kg1
59. Qg2# 1-0